| 000 | 01184cad a22002415a 4500 | ||
|---|---|---|---|
| 001 | L146386 | ||
| 008 | 090113e20081212xxkd f s 000 0 eng d | ||
| 035 | _a(Sirsi) u146386 | ||
| 041 | 0 | _aeng | |
| 050 | 0 | 4 | _a333.33 $2 18 |
| 110 | 2 |
_aRoyal Institution of Chartered Surveyors _bEconomics _95033 |
|
| 245 | 0 | 0 |
_aRICS global real estate weekly _b12 December 2008 _h[electronic resource] |
| 260 |
_aLondon _bRICS _c2008 |
||
| 490 | 0 |
_aRICS Global Real Estate Weekly _v12 December 2008 |
|
| 520 | _aReports that growth in Chinese real estate investment is now falling sharply, but capital expenditure appears to be holding up. Reveals that construction output is falling in the Euro area and that Spain has been hit worse than any other country in the region. Reports a slight improvement in US mortgage applications. | ||
| 590 | _aKA | ||
| 650 | 2 | 4 | _aRICS GLOBAL REAL ESTATE WEEKLY |
| 651 | 4 | _aInternational | |
| 690 | _aBUILT ENVIRONMENT-CONSTRUCTION MARKET | ||
| 690 | _aPROPERTY-COMMERCIAL PROPERTY-COMMERCIAL PROPERTY MARKET | ||
| 856 | 4 | 0 |
_uhttps://www.rics.org/site/scripts/download_info.aspx?downloadID=1152 _zView this item free of charge at www.rics.org... |
| 942 | _n0 | ||
| 999 |
_c109155 _d109155 |
||